| 000 | 00640nam a2200217Ia 4500 | ||
|---|---|---|---|
| 999 |
_c36092 _d36092 |
||
| 001 | 1992 | ||
| 003 | GE_BSU | ||
| 005 | 20190423114627.0 | ||
| 008 | 181216s2007||||ru |||||||||||||| ||rus|| | ||
| 020 | _a5720507698 | ||
| 040 | _cGE_BSU | ||
| 041 | _arus | ||
| 080 | _a349.444(075.8) | ||
| 100 |
_aФилиппова, Е.С. _9390 |
||
| 245 |
_aЖилищное право / _bУчебник для вузов. |
||
| 264 |
_aМосква : _bЮстицинформ, _c2007. |
||
| 300 |
_a448 стр. ; _b19 см. |
||
| 653 | _aსამართალი | ||
| 653 | _aსაბინაო სამართალი | ||
| 942 |
_cBK _2udc |
||